Top 50 Largest City in Each Country Beginning With 'P' - Statistics

General Stats
  • This quiz has been taken 234 times
  • The average score is 23 of 50
Answer Stats
# Population Country Answer % Correct
1 11,400,000 France Paris
99%
7 2,975,000 North Korea Pyongyang
95%
15 1,620,000 Panama Panama City
94%
11 2,225,000 Australia Perth
94%
16 1,550,000 Portugal Porto
94%
17 1,460,000 Czech Republic Prague
92%
6 3,525,000 Haiti Port-au-Prince
91%
8 2,750,000 Cambodia Phnom Penh
90%
13 1,763,336 South Africa Pretoria
90%
2 7,550,000 United States Philadelphia
89%
2 7,550,000 India Pune
79%
21 630,167 Italy Palermo
78%
4 4,200,000 Brazil Porto Alegre
78%
49 182,153 Jamaica Portmore
77%
29 364,125 Papua New Guinea Port Moresby
75%
5 4,175,000 Mexico Puebla
75%
19 1,090,000 Russia Perm
65%
40 240,924 Suriname Paramaribo
64%
9 2,600,000 Nigeria Port Harcourt
64%
34 319,612 Bulgaria Plovdiv
63%
23 546,859 Poland Poznań
62%
37 264,320 Benin Porto-Novo
58%
9 2,600,000 Pakistan Peshawar
56%
20 780,515 Egypt Port Said
51%
14 1,740,000 Indonesia Palembang
48%
26 479,338 Spain Palma
48%
18 1,140,000 Congo (Rep.) Pointe-Noire
41%
45 196,936 Greece Patras
35%
28 392,477 United Kingdom Preston / Chorley
28%
33 320,262 Thailand Pattaya
24%
36 279,593 Ukraine Poltava
22%
25 513,504 Nepal Pokhara
21%
31 353,672 Puerto Rico Ponce - Yauco
17%
50 180,540 Romania Ploiești
16%
42 215,100 Germany Pforzheim
15%
12 1,980,000 China Píngdĭngshān
12%
22 547,100 Peru Piura
11%
38 250,129 Guadeloupe Pointe-à-Pitre
10%
32 333,703 Kazakhstan Pavlodar
9%
27 406,700 Colombia Pereira
8%
41 217,077 Philippines Puerto Princesa
6%
30 361,400 Argentina Posadas
5%
44 200,529 Mozambique Pemba
4%
39 244,129 Ecuador Portoviejo
2%
46 194,197 Vietnam Phan Thiet
1%
35 299,500 Venezuela Puerto La Cruz
1%
24 542,522 South Korea Pyeongtaek
1%
47 190,317 Bangladesh Pabna
0%
48 189,000 Malaysia Pasir Gudang
0%
43 205,388 Taiwan Pingdong
0%
No matching quizzes found
Score Distribution
Percent of People with Each Score
Percentile by Number Answered
Your Score History
You have not taken this quiz